| 000 | 01866cam a22004934i 4500 | ||
|---|---|---|---|
| 003 | PE-LiUPU | ||
| 005 | 20250731172707.0 | ||
| 008 | 150617s r 000 0 d | ||
| 035 | _a(Sirsi) a10379 | ||
| 040 |
_aPE-LiUPU _bspa _cPE-LiUPU _erda |
||
| 049 | _aPRUA | ||
| 082 | 0 | 4 |
_a230 _bH54 _221 |
| 082 | 0 | 4 |
_a286.7 _bH54 |
| 100 | 1 |
_aHill, B.W., _eautor. |
|
| 245 | 1 | 0 |
_aDiscusiones populares: un estudio de excusas, invenciones, fábulas y sueños / _cB.W. Hill. |
| 264 | 1 |
_a[s.páginasi.] : _bBrother Hill's Bible, _c[1950]. |
|
| 300 |
_a92 páginas ; _c18 cm. |
||
| 336 |
_atext _2rdacontent |
||
| 337 |
_aunmediated _2rdamedia |
||
| 338 |
_avolume _2rdacarrier |
||
| 505 | 0 | _aUn estudio de excusas, invenciones, fábulas y sueños -- Discuciones populares. | |
| 526 | _aSEG42 | ||
| 526 | _aSEG41 | ||
| 526 | _aSEG40 | ||
| 526 | _aSEG39 | ||
| 526 | _aP94 | ||
| 526 | _aP87 | ||
| 526 | _aP86 | ||
| 526 | _aP85 | ||
| 526 | _aP77 | ||
| 526 | _aP76 | ||
| 526 | _aP35 | ||
| 630 |
_aBiblia _xMisceláneas. |
||
| 910 |
_ajck _bjvq _cjck _d20150616 |
||
| 942 |
_2ddc _cBOOK |
||
| 949 |
_a230 H54 _wDEWEY _c1 _i01779 _lCCODEBUL1 _mBUL _p00.00 _r0 _sY _tBOOK _u2015-04-21 _xTEOLOGIA _PP35 _0COMPRA _o.STAFF. Colección General |
||
| 949 |
_a286.7 H54 _wDEWEY _c1 _iFJ12898 _lCCODEBUJ1 _mBUJ _p7.00 _r0 _sY _tBOOK _u2019-06-12 _xEDUCACIÓN _PP14 _o.STAFF -- Colección General Juliaca |
||
| 994 |
_aC0 _bPEPRU |
||
| 596 | _a1 | ||
| 999 |
_a230 H54 _wDEWEY _c419 _i01779 _d419 _f2021-11-11 _g5 _lCCODEBUL1 _mBUL _q1 _r0 _sY _tBOOK _u2015-4-21 _xTEOLOGIA _PP35 _0COMPRA _o.STAFF. Colección General |
||
| 999 |
_a286 H54 _wDEWEY _c1 _iFJ12898 _d2019-9-5 _f2022-2-4 _g2 _lCCODEBUL1 _mBUL _p7.00 _q1 _r0 _sY _tBOOK _u2019-6-12 _xINGENIERIA _PP20 _0COMPRA _o.STAFF. Colección General Juliaca |
||
| 980 |
_81 _gALBERTO SANCHEZ Responsable de Automatización |
||